[Event "Beersheba-B"]
[Site "Beersheba"]
[Date "1990.??.??"]
[Round "?"]
[White "Ofek, Ram"]
[Black "Tsesarsky, Ilya"]
[Result "0-1"]
[WhiteElo "2235"]
[BlackElo "2435"]

1.e4 c5 2.c3 Nf6 3.e5 Nd5 4.d4 cxd4 5.Nf3 Nc6 6.Bc4 Nb6 7.Bb3 d6 8.exd6 Qxd6
9.O-O Be6 10.Bxe6 Qxe6 11.Nxd4 Nxd4 12.Qxd4 Rd8 13.Qb4 Qe2 14.Be3 e6 15.Qb3 Be7
16.Na3 Qa6 17.Nb5 O-O 18.c4 Nc8 19.Rfd1 Qa5 20.a3 a6 21.Nd4 Qc7 22.Rac1 Bf6
23.Qc2 Ne7 24.Qe4 Rd7 25.Rf1 Rfd8 26.Nf3 Nf5 27.Bf4 Qb6 28.Rb1 Qb3 29.c5 Rd1
30.Qb4 Rxf1+ 31.Kxf1 Qd3+  0-1

[Event "Belgrade (Women)"]
[Site "Belgrade"]
[Date "1990.??.??"]
[Round "5"]
[White "Maric, Mirjana"]
[Black "Bojkovic, Natasa"]
[Result "1/2-1/2"]
[WhiteElo "2275"]
[BlackElo "2270"]

1.e4 c5 2.c3 Nf6 3.e5 Nd5 4.d4 cxd4 5.Nf3 e6 6.cxd4 d6 7.a3 Qc7 8.Bd3 Nd7
9.O-O b6 10.Qe2 Bb7 11.Bd2 Be7 12.Rc1 Qd8 13.Nc3 Nxc3 14.Rxc3 Rc8 15.Rac1 Rxc3
16.Rxc3 O-O 17.exd6 Bxd6 18.Ne5 Nxe5 19.dxe5 Be7 20.Qh5 g6 21.Qh6 Qd4 22.Bf1 Bc5  1/2-1/2

[Event "Belgrade (Women)"]
[Site "Belgrade"]
[Date "1990.??.??"]
[Round "6"]
[White "Kokanovic, Ksenija"]
[Black "Bojkovic, Natasa"]
[Result "0-1"]
[WhiteElo "2115"]
[BlackElo "2270"]

1.e4 c5 2.c3 Nf6 3.d3 e6 4.f4 Nc6 5.Nf3 d6 6.g3 Be7 7.Bg2 O-O 8.O-O Qc7 9.Qe2 b6
10.Nbd2 Bb7 11.Kh1 Rfe8 12.Nh4 Nd7 13.Ndf3 g6 14.Bd2 Bf6 15.Rac1 Bg7 16.b4 Nf8
17.b5 Ne7 18.g4 f5 19.h3 Qd7 20.a4 a6 21.Kh2 axb5 22.axb5 Ra2 23.Ra1 Rea8
24.Rxa2 Rxa2 25.c4 d5 26.exf5 exf5 27.Re1 Nc8 28.Qe8 fxg4 29.Qxd7 Nxd7 30.hxg4 Kf8
31.Re6 dxc4 32.dxc4 Nf6 33.Kh3 Ne4 34.Be1 Ncd6 35.Ne5 Bc8 36.Nexg6+ hxg6
37.Rxe4 Nxe4 38.Nxg6+ Kf7 39.Bxe4 Re2  0-1

[Event "Belgrade (Women)"]
[Site "Belgrade"]
[Date "1990.??.??"]
[Round "8"]
[White "Kokanovic, Ksenija"]
[Black "Cejic, Dusica"]
[Result "1/2-1/2"]
[WhiteElo "2115"]
[BlackElo "2240"]

1.e4 c5 2.c3 Nf6 3.e5 Nd5 4.d4 cxd4 5.cxd4 e6 6.Nf3 Nc6 7.a3 d6 8.Bd3 Be7
9.O-O dxe5 10.dxe5 Qc7  1/2-1/2

[Event "Bern zt"]
[Site "Bern"]
[Date "1990.??.??"]
[Round "11"]
[White "Hickl, Joerg"]
[Black "Rechlis, Gad"]
[Result "1/2-1/2"]
[WhiteElo "2500"]
[BlackElo "2470"]

1.e4 c5 2.c3 Nf6 3.e5 Nd5 4.d4 cxd4 5.Nf3 d6 6.cxd4 Nc6 7.Bc4 Nb6 8.Bb5 dxe5
9.Nxe5 Bd7 10.Bxc6 Bxc6 11.Nxc6 bxc6 12.Nc3 e6 13.Qg4 h5 14.Qe4 Nd5 15.O-O Rc8
16.Bd2 Be7 17.Rfd1 O-O 18.Qe2 Nxc3 19.bxc3 Qa5 20.h3  1/2-1/2

[Event "Biel op"]
[Site "Biel"]
[Date "1990.??.??"]
[Round "5"]
[White "Rozentalis, Eduardas"]
[Black "Rogers, Ian"]
[Result "1/2-1/2"]
[WhiteElo "2565"]
[BlackElo "2535"]

1.e4 c5 2.c3 Nf6 3.e5 Nd5 4.g3 d6 5.exd6 e6 6.Bg2 Bxd6 7.Ne2 O-O 8.d4 Nc6
9.O-O Nde7 10.Na3 cxd4 11.Nb5 Bb8 12.Nbxd4 e5 13.Nxc6 Nxc6 14.Be3 Bg4 15.Re1 Qxd1
16.Raxd1 Bc7 17.h3 Be6 18.Nc1 Rfd8 19.g4 Rxd1 20.Rxd1 a5 21.Nb3 Rd8 22.Rxd8+ Nxd8
23.Nc5 Bxa2 24.Nxb7 Ne6 25.Be4 f6 26.h4 g6 27.f3 Kf7 28.Kf2 Ng7 29.Bc5 f5
30.Bc6 h5 31.Nd6+ Ke6 32.Ne8 Nxe8 33.Bxe8 hxg4 34.fxg4 Kf6 35.g5+ Kg7 36.b4 axb4
37.cxb4 Bd5 38.b5 f4 39.b6 Bb8 40.Be7 e4 41.Bf6+ Kh7 42.Bd4 Bd6 43.Ke2 Bc4+
44.Kf2 Bd5 45.Ke2  1/2-1/2

[Event "Biel"]
[Site "Biel"]
[Date "1990.??.??"]
[Round "7"]
[White "Hort, Vlastimil"]
[Black "Polugaevsky, Lev"]
[Result "1/2-1/2"]
[WhiteElo "2545"]
[BlackElo "2610"]

1.e4 c5 2.c3 Nf6 3.e5 Nd5 4.d4 cxd4 5.Qxd4 e6 6.Nf3 Nc6 7.Qe4 d6 8.Nbd2 dxe5
9.Nxe5 Nf6 10.Qa4 Qc7 11.Nxc6 Bd7 12.Bb5 bxc6 13.Be2 Be7 14.Nc4 Nd5 15.O-O O-O
16.Re1 Rad8 17.Bd2 c5 18.Qa5 Qb8 19.Rad1 Bc6 20.Bc1 Nb6 21.Qa6 Bd5 22.h3 h6
23.Bf1 Bg5 24.Bxg5 hxg5 25.Ne3 Be4 26.b3 Qc7 27.Qa5  1/2-1/2

[Event "Biel op"]
[Site "Biel"]
[Date "1990.??.??"]
[Round "9"]
[White "Rozentalis, Eduardas"]
[Black "Panzalovic, Srdjan"]
[Result "1/2-1/2"]
[WhiteElo "2565"]
[BlackElo "2335"]

1.e4 c5 2.c3 Nf6 3.e5 Nd5 4.g3 Nc6 5.Bg2 e6 6.Qe2 Be7 7.f4 O-O 8.Nf3 d6 9.O-O dxe5
10.Nxe5 Nxe5 11.fxe5 Rb8 12.d3 b6 13.Nd2 Ba6 14.Ne4 Rb7 15.a3 Rd7 16.c4 Nc7
17.Nf2 Qb8 18.Bf4 Bb7 19.Ne4 Ne8 20.Rad1 Qd8 21.h4 Bxe4 22.Bxe4 g6 23.Bh6 Ng7
24.Rde1 Qc7 25.Qh2 f5 26.exf6 Bxf6 27.Kh1 Rdf7 28.Bxg7  1/2-1/2

[Event "Bielsko Biala op"]
[Site "Bielsko Biala"]
[Date "1990.??.??"]
[Round "6"]
[White "Maciejewski, Andrzej"]
[Black "Dyballa, Markus"]
[Result "1/2-1/2"]
[WhiteElo "2415"]
[BlackElo "2260"]

1.e4 c5 2.c3 Nf6 3.e5 Nd5 4.d4 cxd4 5.Nf3 Nc6 6.cxd4 d6 7.Bc4 Nb6 8.Bb5 dxe5
9.Nxe5 Bd7 10.Bxc6 Bxc6 11.Nxc6 bxc6 12.Nc3 g6 13.O-O Bg7 14.Be3 O-O 15.Qe2 Nd5
16.Nxd5 cxd5 17.Rfc1 Qd6 18.Rc5 e5 19.Qd2 Rad8 20.Rd1 Rfe8 21.b4 exd4 22.Bxd4 Bxd4
23.Qxd4 Re4 24.Qxe4  1/2-1/2

[Event "Budapest"]
[Site "Budapest"]
[Date "1990.??.??"]
[Round "2"]
[White "Filipovic, Branko"]
[Black "Vadasz, Laszlo"]
[Result "1/2-1/2"]
[WhiteElo "2445"]
[BlackElo "2345"]

1.e4 c5 2.c3 Nf6 3.e5 Nd5 4.d4 cxd4 5.Nf3 e6 6.cxd4 b6 7.Nc3 Nxc3 8.bxc3 Bb7
9.Bd3 Qc7 10.Bd2 d6 11.O-O Nd7 12.Re1 Be7 13.Bg5 Qd8 14.Bf4 dxe5 15.dxe5 O-O
16.Qe2 Qc7 17.Rad1 Rfd8  1/2-1/2

[Event "Spring op"]
[Site "Budapest"]
[Date "1990.??.??"]
[Round "2"]
[White "Rosenthal, Dirk"]
[Black "Shneider, Aleksandr"]
[Result "1-0"]
[WhiteElo "2305"]
[BlackElo "2485"]

1.e4 c5 2.c3 Nf6 3.e5 Nd5 4.d4 cxd4 5.cxd4 d6 6.Bc4 Nb6 7.Bb5+ Bd7 8.e6 Bxb5
9.Qh5 Qc8 10.Qxb5+ Kd8 11.Be3 Qxe6 12.d5 Qd7 13.Bxb6+ axb6 14.Qxb6+ Qc7 15.Qe3 Qc5
16.Qd2 g6 17.Ne2 Bg7 18.O-O Nd7 19.Nbc3 Nb6 20.Rac1 h5 21.Qd3 Nd7 22.Nb5 Qb6
23.Nec3 h4 24.b4 Rh5 25.a4 Ke8 26.a5 Qd8 27.Nc7+ Qxc7 28.Nb5 Qd8 29.Nc7+ Kf8
30.Nxa8 Qxa8 31.Rc7 Nf6 32.Qc4  1-0

[Event "Budapest IM-B"]
[Site "Budapest"]
[Date "1990.??.??"]
[Round "2"]
[White "Dovzik, Juri"]
[Black "Farago, Sandor"]
[Result "0-1"]
[WhiteElo "2410"]
[BlackElo "2245"]

1.e4 c5 2.c3 Nf6 3.e5 Nd5 4.d4 cxd4 5.Nf3 Nc6 6.Bc4 e6 7.O-O Nb6 8.Bd3 Be7
9.cxd4 d6 10.Nc3 dxe5 11.dxe5 Nd5 12.Qe2 Nxc3 13.bxc3 O-O 14.Bh6 Re8 15.Rad1 Qc7
16.Qe4 g6 17.Rfe1 b6 18.Bg5 Bb7 19.Qh4 Bf8 20.Bf6 Ne7 21.Ng5 h6 22.Re3 Nf5
23.Bxf5 exf5 24.Rd6 Bg7 25.Bxg7 Kxg7 26.Rh3 h5 27.Re3 Qe7 28.h3 Rac8 29.Rf6 Bd5
30.Qd4 Qc5 31.e6 Qxd4 32.Rxf7+ Kh6 33.cxd4 Kxg5 34.Rg3+ Kf4 35.Rxg6 Rxe6
36.Rxe6 Bxe6 37.Rxa7 Rc1+ 38.Kh2 Rc2 39.Re7 Bxa2 40.Kg1 Kg5 41.Rd7 b5 42.Rb7 Bc4
43.Rb6 h4 44.d5 Rd2 45.d6 Kf4 46.Rc6 Ke5 47.Rc5+ Ke6  0-1

[Event "Spring op"]
[Site "Budapest"]
[Date "1990.??.??"]
[Round "4"]
[White "Biro, Sandor"]
[Black "Adler, Joel"]
[Result "1-0"]
[WhiteElo "2435"]
[BlackElo "2265"]

1.e4 c5 2.c3 Nf6 3.e5 Nd5 4.d4 cxd4 5.Nf3 d6 6.cxd4 Nc6 7.Bc4 Nb6 8.Bb5 dxe5
9.Nxe5 Bd7 10.Nc3 Nxe5 11.dxe5 Bxb5 12.Nxb5 Qxd1+ 13.Kxd1 O-O-O+ 14.Ke2 Rd5
15.a4 Rxe5+ 16.Be3 Nd5 17.Rac1+ Kb8 18.Rhd1 e6 19.Kf3 b6 20.Bf4  1-0

[Event "Budapest IM-B"]
[Site "Budapest"]
[Date "1990.??.??"]
[Round "4"]
[White "Dovzik, Juri"]
[Black "Berebora, Ferenc"]
[Result "1-0"]
[WhiteElo "2410"]
[BlackElo "2275"]

1.e4 c5 2.c3 Nf6 3.e5 Nd5 4.d4 cxd4 5.Nf3 Nc6 6.Bc4 Nb6 7.Bb3 d6 8.exd6 e6
9.cxd4 Bxd6 10.O-O O-O 11.Nc3 Be7 12.Be3 Na5 13.Bc2 Nac4 14.Qd3 g6 15.Bh6 Re8
16.b3 Nd6 17.Rad1 Nf5 18.Bc1 Nd5 19.Bb1 Nxc3 20.Qxc3 Bf6 21.Ne5 Bd7 22.Bb2 Ne7
23.Ng4 Nd5 24.Qf3 Bg7 25.Bc1 Bc6 26.Qh3 Rc8 27.Nh6+ Bxh6 28.Qxh6 Qf6 29.Bg5 Qg7
30.Qh4 f6 31.Bd2 Ne7 32.Rfe1 Nf5 33.Qh3 Qd7 34.Bxf5 exf5 35.Be3 Bd5 36.Rc1 Rxc1
37.Rxc1 Rc8 38.Rxc8+ Qxc8 39.Qg3 Qc2 40.h4 Qe4 41.Kh2 a6 42.Bh6 f4 43.Bxf4 Qxd4
44.f3 Bc6 45.Bb8 Kf7 46.Qc7+ Qd7 47.Qf4 Kg7 48.Ba7 Qf5 49.Qc7+ Qd7 50.Qg3 Qd5
51.Bb8 Kf7 52.Qf4 Kg7 53.Qe3 Kf7 54.Bg3 Kg7 55.Kg1 Qd1+ 56.Be1 Kf7 57.a4 Bd5
58.Kh2 Bxb3 59.Bb4 Be6 60.Qh6 Qd8 61.Qxh7+ Ke8 62.Qxg6+ Kd7 63.Be1 f5 64.Bg3 b5
65.axb5 axb5 66.Qg7+ Qe7 67.Qd4+ Ke8 68.Bd6 Qf7 69.Qc5 Qb7 70.Qe5 Qd5 71.Qh8+ Kd7
72.Bf4 Bf7 73.Qb8 Ke6 74.Qb6+ Kd7 75.Qc7+ Ke6 76.Kg3 Be8 77.Kh3 Bf7 78.Qc8+ Ke7
79.Be3 Be8 80.Bg5+ Kf7 81.Qc3 Qe6 82.Qh8 Qg6 83.Qd4 Kg8 84.Bd2 Qg7 85.Qc5 Bd7
86.Bf4 Qg6 87.Qe7 Qe6 88.Qg5+ Kf7 89.Qd8 Qe8 90.Qc7 Kg8 91.Qd6 Qe6 92.Qd4 Be8
93.Be5 Kh7 94.Qf4 Qg6 95.Bc3 Kg8 96.Qd4 Kf7 97.g4 fxg4+ 98.fxg4 Bc6 99.h5 Qe6
100.Qf4+ Ke8 101.Kh4 Qd5 102.Be5 Qf7 103.Bf6 Qd5 104.Qc7 Qe6 105.Kg5 Bd7
106.Qf4 Kf7 107.Bc3+ Kg8 108.Qd4 Qe7+ 109.Kf4 Qf7+ 110.Kg3 Kf8 111.Qh8+ Ke7
112.Bb4+ Ke6 113.Qd4 Qe8 114.Qd6+  1-0

[Event "Spring op"]
[Site "Budapest"]
[Date "1990.??.??"]
[Round "6"]
[White "Berenyi, Gabor"]
[Black "Feldman, Vladimir"]
[Result "1-0"]
[WhiteElo "2225"]
[BlackElo "2330"]

1.e4 c5 2.c3 Nf6 3.e5 Nd5 4.d4 cxd4 5.Nf3 Nc6 6.Bc4 Nb6 7.Bb3 d6 8.exd6 e6
9.Nxd4 Nxd4 10.Qxd4 Qxd6 11.Qe4 Bd7 12.O-O Bc6 13.Qe2 Qc7 14.Nd2 Bd6 15.g3 Be7
16.Nf3 O-O 17.Bf4 Qc8 18.Be5 Bd5 19.Bxd5 Nxd5 20.Rfd1 Nb6 21.Bd6 Bxd6 22.Rxd6 Nd5
23.Ne5 Qc5 24.Rd7 b5 25.Rd1 a6 26.Rd4 Ra7 27.Qf3 f6 28.Qg4 Rxd7 29.Nxd7 Qc6
30.Nxf8 Kxf8 31.c4 bxc4 32.Rxc4 Qd7 33.Qe2 Kf7 34.Rh4 Qc6 35.Qc4 Qb6 36.Qd4 Qa5
37.a3 h6 38.Re4 Qb5 39.Qa7+ Ne7 40.Rb4 Qe2 41.Qb7 f5 42.Kg2 Kf6 43.Qf3 Qe1
44.Qc3+ Qxc3 45.bxc3 Nd5 46.Ra4 Nxc3 47.Rxa6 Ke5 48.Kf3 g5 49.Ra8 g4+ 50.Ke3 Nd1+
51.Ke2 Nc3+ 52.Kf1  1-0

[Event "Spring op"]
[Site "Budapest"]
[Date "1990.??.??"]
[Round "8"]
[White "Dovzik, Juri"]
[Black "Moiseev, Viktor"]
[Result "1-0"]
[WhiteElo "2410"]
[BlackElo "2370"]

1.e4 c5 2.c3 Nf6 3.e5 Nd5 4.d4 cxd4 5.Nf3 Nc6 6.Bc4 Nb6 7.Bb3 d5 8.exd6 Qxd6
9.Na3 a6 10.O-O e6 11.Qe2 Be7 12.Rd1 Bf6 13.Be3 Nd5 14.Nxd4 Nxe3 15.Ndb5 Qc5
16.Nd6+ Ke7 17.fxe3 Ne5 18.Ne4 Qc6 19.Rd4 b5 20.Rf1 Bb7 21.Bc2 Rad8 22.Nb1 a5
23.Nbd2 Rhg8 24.h3 b4 25.Qf2 Nd7 26.Rd6 Qb5 27.g4 h6 28.Bd3 Qa4 29.Qf4 Qxa2
30.Bc4 e5 31.Qf2 Qxb2 32.Qf5 bxc3 33.Bxf7 Nf8 34.Rxf6 gxf6 35.Qxf6+ Kd7 36.Nc4  1-0

[Event "Cali zt"]
[Site "Cali"]
[Date "1990.??.??"]
[Round "6"]
[White "Espinoza Flores, Rafael"]
[Black "Alzate, Dario"]
[Result "1/2-1/2"]
[WhiteElo "2395"]
[BlackElo "2390"]

1.e4 c5 2.c3 Nf6 3.e5 Nd5 4.d4 cxd4 5.Nf3 Nc6 6.cxd4 d6 7.Nc3 Nxc3 8.bxc3 d5
9.Bd3 Bg4 10.h3 Bxf3 11.Qxf3 e6 12.Rb1 Qd7 13.O-O Be7 14.Qg4 g6 15.Bh6 Bf8
16.Bg5 Be7 17.Rb3 Rc8 18.Bd2 Rc7 19.f4 Kd8 20.f5 gxf5 21.Rxf5 exf5 22.Bxf5 Qe8
23.Qf3 Rd7 24.Rb5 Kc7 25.Bxd7 Qxd7 26.Rxd5 Qe6 27.Rb5 Rc8 28.d5 Nxe5 29.dxe6 Nxf3+
30.gxf3 fxe6 31.Rh5 Rg8+ 32.Kf2 Rg7 33.Be3 a6 34.Bd4 Rf7 35.Ke3 Kd7 36.Ke4 Ba3
37.c4 Bc1 38.Be5 Kc6 39.f4 Kc5 40.Bb2+ Rf5 41.Bd4+ Kxc4 42.Rxh7 Rxf4+ 43.Ke5 Kd3
44.Bb6 Rc4 45.Kd6  1/2-1/2

[Event "Cannes op"]
[Site "Cannes"]
[Date "1990.??.??"]
[Round "2"]
[White "Hmadi, Slaheddine"]
[Black "Kirov, Nino"]
[Result "1/2-1/2"]
[WhiteElo "2290"]
[BlackElo "2445"]

1.e4 c5 2.c3 Nf6 3.e5 Nd5 4.d4 cxd4 5.Nf3 e6 6.cxd4 d6 7.Bc4 Nc6 8.O-O Be7
9.Qe2 Nb6 10.Bb3 d5 11.Nc3 a5 12.a3 a4 13.Bc2 Bd7 14.Qd1 Nb8 15.Nd2 Nc6 16.Nf3 Nb8
17.Rb1 Bc6 18.Ne1 Qd7 19.f4 g6 20.f5 exf5 21.Nd3 Na6 22.e6 fxe6 23.Ne5 Qc7
24.Bf4 Bd6 25.Qe2 Qe7 26.Nb5 Bb8 27.Rbe1 O-O 28.Nc3 Bxe5 29.Bxe5 Nc4 30.Bxa4 Bxa4
31.Nxa4 b5 32.Nc3 b4 33.axb4 Nxb4 34.Bg3 Ra6 35.Nxd5 Nxd5 36.Qxc4 Qb7 37.Be5 Rc8
38.Qe2 Rb6 39.Rf2 Qa6 40.Qd2 Qb7  1/2-1/2

[Event "Cannes op"]
[Site "Cannes"]
[Date "1990.??.??"]
[Round "2"]
[White "Petit, Eric"]
[Black "Weindl, Alfred"]
[Result "1/2-1/2"]
[WhiteElo "2050"]
[BlackElo "2365"]

1.e4 c5 2.c3 Nf6 3.e5 Nd5 4.d4 cxd4 5.Nf3 Nc6 6.Bc4 e6 7.cxd4 Nb6 8.Bd3 Be7
9.Nc3 Nb4 10.Bb1 N4d5 11.Nxd5 Nxd5 12.O-O b6 13.a3 Bb7 14.Bd3 Rc8 15.Qe2 Rc7
16.Bd2 O-O 17.h3 f5 18.exf6 Bxf6 19.Ne5 Bxe5 20.Qxe5 Qf6 21.Qxf6 gxf6 22.Rac1 Bc6
23.g4 Kf7 24.f4 h5 25.Kf2 hxg4 26.hxg4 Rh8 27.Rh1 Rcc8 28.Rxh8 Rxh8 29.Kg3 a5
30.f5 Bb7 31.Rf1 Rg8 32.Kh4 Ne7 33.g5 fxg5+ 34.Bxg5 exf5  1/2-1/2

[Event "Cannes op"]
[Site "Cannes"]
[Date "1990.??.??"]
[Round "2"]
[White "Van Dongen, Patrick"]
[Black "Jean, Olivier"]
[Result "0-1"]
[WhiteElo "2275"]
[BlackElo "2080"]

1.e4 c5 2.c3 Nf6 3.e5 Nd5 4.d4 cxd4 5.Nf3 Nc6 6.Bc4 Nb6 7.Bb3 d5 8.exd6 Qxd6
9.Na3 a6 10.O-O Bf5 11.Nxd4 Nxd4 12.cxd4 e6 13.Qf3 Qd7 14.Rd1 Be7 15.g4 Bg6
16.d5 Nxd5 17.Nc4 Qc7 18.Ne3 Nb6 19.Bd2 Qc6 20.Qe2 Nd7 21.Rac1 Nc5 22.Bb4 O-O
23.Nf5 Bxf5 24.gxf5 Qb6 25.Rxc5 Bxc5 26.Bc3 exf5 27.Qe5 Qg6+ 28.Kf1 b6 29.Rd3 Rae8
30.Qd5 Re4 31.Bc2 Qe6 32.Qb7 Re2 33.Rd2 Rxd2 34.Bxd2  0-1

[Event "Cannes op"]
[Site "Cannes"]
[Date "1990.??.??"]
[Round "4"]
[White "Petit, Eric"]
[Black "Tortarolo, Massimiliano"]
[Result "0-1"]
[WhiteElo "2050"]
[BlackElo "2185"]

1.e4 c5 2.c3 Nf6 3.e5 Nd5 4.d4 cxd4 5.Nf3 Nc6 6.Bc4 Nb6 7.Bb3 d5 8.exd6 dxc3
9.Nxc3 exd6 10.Ng5 d5 11.Nxd5 Nxd5 12.Qxd5 Bb4+ 13.Bd2 Qxd5 14.Bxd5 Bxd2+
15.Kxd2 O-O 16.Rhd1 h6 17.Nf3 Nb4 18.Bb3 Re8 19.Nd4 Bd7 20.a3 Nc6 21.Nf3 Rad8
22.Kc3 Re2 23.Rd2 Rxd2 24.Nxd2 Bf5 25.Bc2 Bxc2 26.Kxc2 Nd4+ 27.Kc3 Ne2+ 28.Kc2 Nd4+
29.Kc3 Ne2+ 30.Kc2 Rc8+ 31.Kd1 Nf4 32.g3 Nd3 33.Ke2 Nxb2 34.Rb1 Rc2 35.Ke3 b6
36.Ne4 b5 37.h4 a6 38.g4 Nc4+ 39.Kd4 Ra2 40.Rb3 Nxa3 41.g5 hxg5 42.hxg5 a5
43.Nc3 Rd2+ 44.Ke3 Nc4+ 45.Kf3 b4 46.Ne4 Rc2 47.Kg3 Nd2 48.Nxd2 Rxd2 49.f4 Rc2
50.Kg4 Rc4 51.g6 fxg6 52.Rd3 a4 53.Kg5 b3 54.Rd8+ Kh7 55.f5 gxf5  0-1

[Event "Cannes op"]
[Site "Cannes"]
[Date "1990.??.??"]
[Round "8"]
[White "Pinkus, Lutz"]
[Black "Etchegaray, Patrice"]
[Result "0-1"]
[WhiteElo "2050"]
[BlackElo "2280"]

1.e4 c5 2.c3 Nf6 3.e5 Nd5 4.d4 cxd4 5.Nf3 Nc6 6.Bc4 e6 7.O-O d6 8.cxd4 dxe5
9.dxe5 Be7 10.Qe2 O-O 11.Bd2 Qb6 12.Nc3 Ncb4 13.Ne4 Bd7 14.a3 Nc2 15.Rac1 Nd4
16.Nxd4 Qxd4 17.Rc3 Qxe5 18.Rh3 f5 19.Qh5 Qxe4 20.Bxd5 Qxd5 21.Qxh7+ Kf7
22.Qh5+ g6 23.Qh7+ Ke8 24.Qxg6+ Kd8 25.Rd1 b6 26.Qh5 Rg8 27.Bg5 Rxg5 28.Qh8+ Kc7
29.Qc3+ Qc6 30.Rhd3 Rd8 31.Qe5+ Kb7 32.g3 Rg4 33.b4 Qc7 34.Qb2 Ba4 35.Rc1 Qxc1+  0-1

[Event "JUG-chT Cetinje"]
[Site "Cetinje"]
[Date "1990.??.??"]
[Round "3"]
[White "Strikovic, Aleksa"]
[Black "Cigan, Stefan"]
[Result "1-0"]
[WhiteElo "2465"]
[BlackElo "2400"]

1.e4 c5 2.c3 Nf6 3.e5 Nd5 4.d4 cxd4 5.Nf3 Nc6 6.Bc4 Nb6 7.Bb3 d5 8.exd6 Qxd6
9.O-O Be6 10.Bxe6 Qxe6 11.Nxd4 Nxd4 12.Qxd4 Rd8 13.Qh4 Qf5 14.Be3 e5 15.Bxb6 axb6
16.Na3 Bxa3 17.Qa4+ Qd7 18.Qxa3 Qd6 19.Qa4+ Qc6 20.Qb4 f6 21.Rad1 Kf7 22.Qh4 Kg6
23.Qg4+ Kh6 24.f4 Rxd1 25.Rxd1 Qc5+ 26.Kh1 Qf2 27.fxe5 Re8 28.Qh3+ Kg6 29.Qd3+ f5
30.Rf1 Rd8 31.Qb1 Qe2 32.Qxf5+ Kh6 33.Qf4+ Kg6  1-0

[Event "JUG-chT Cetinje"]
[Site "Cetinje"]
[Date "1990.??.??"]
[Round "9"]
[White "Vucinic, Pero"]
[Black "Todorovic, Goran M"]
[Result "0-1"]
[WhiteElo "2320"]
[BlackElo "2415"]

1.e4 c5 2.c3 Nf6 3.e5 Nd5 4.d4 cxd4 5.cxd4 e6 6.a3 Qa5+ 7.Nd2 Nc6 8.Nf3 d6
9.Bc4 dxe5 10.dxe5 Nb6 11.O-O Nxe5 12.b4 Nxf3+ 13.Nxf3 Bxb4 14.Bd3 Be7 15.Rb1 Bd7
16.Qe2 O-O 17.Ne5 Bc6 18.Bb2 Qd5 19.Nxc6 bxc6 20.Rfd1 Qg5 21.Qe4 Qf5 22.Qxc6 Nd5
23.Qc4 Rab8 24.Be2 Qg6 25.Bd3 Qg5 26.Qe4 g6 27.g3 Rxb2 28.Rxb2 Nc3 29.Qe1 Nxd1
30.Qxd1 Rd8 31.Qc2 Rxd3 32.h4 Qd5  0-1

[Event "Cheliabinsk-B"]
[Site "Cheliabinsk"]
[Date "1990.??.??"]
[Round "?"]
[White "Petronijevic, Zoran"]
[Black "Enhbat, Tegshsuren"]
[Result "0-1"]
[WhiteElo "2285"]
[BlackElo "2200"]

1.e4 c5 2.c3 Nf6 3.e5 Nd5 4.d4 cxd4 5.Nf3 d6 6.exd6 Qxd6 7.cxd4 Nc6 8.Be2 g6
9.O-O Bg7 10.Nc3 O-O 11.Nb5 Qd8 12.h3 Bf5 13.Re1 Ndb4 14.g4 Bc2 15.Qd2 a6
16.Nc3 Nxd4 17.Nxd4 Qxd4 18.a3 Qxd2 19.Bxd2 Nc6 20.Rac1 Bb3 21.Be3 Nd4 22.Bxd4 Bxd4
23.Bf3 Be6 24.Bxb7 Rab8 25.Bxa6 Rxb2 26.Nd1 Rb3 27.Ne3 Rxa3 28.Nc2 Bxf2+
29.Kxf2 Rxa6 30.Nd4 Ra2+ 31.Kg3 Ra3+ 32.Kh2 Rd8 33.Nxe6 Rd2+ 34.Kg1 Rg3+
35.Kf1 fxe6 36.Rxe6 Rxh3 37.Kg1 Rg3+ 38.Kh1 Rd7 39.Re4 Rgd3 40.Rce1 Kf7 41.Rf4+ Kg7
42.Rfe4 Kf7 43.Rf4+ Kg8 44.Rfe4 R3d4  0-1

[Event "ITA-ch"]
[Site "Chianciano"]
[Date "1990.??.??"]
[Round "4"]
[White "Manca, Federico"]
[Black "Borgo, Giulio"]
[Result "1/2-1/2"]
[WhiteElo "2360"]
[BlackElo "2330"]

1.e4 c5 2.c3 Nf6 3.e5 Nd5 4.d4 cxd4 5.Nf3 e6 6.cxd4 d6 7.a3 Bd7 8.Bd3 Bc6
9.O-O Nd7 10.Re1 dxe5 11.dxe5 Be7 12.Qe2 Qb6 13.b4 a6 14.Bd2 Rc8 15.Rc1 O-O
16.Nc3 Nxc3 17.Bxc3 Rfd8 18.Nd2 Qc7 19.Nc4 Nb6 20.Na5 Bd5 21.Qe3 Nc4 22.Bxc4 Bxc4
23.Bd4 b5 24.Bb6 Bg5 25.Bxc7 Bxe3 26.Bxd8 Bxc1 27.Rxc1 Rxd8 28.f3 Rd4 29.Kf2 f6
30.Nxc4 bxc4 31.exf6 gxf6 32.Ke2 Kf7 33.g4 e5 34.h4 Ke6 35.a4 Kd5 36.b5 axb5
37.axb5 e4 38.f4 Rd3 39.Rd1 Kc5 40.Rxd3 cxd3+ 41.Kd2 Kxb5 42.g5 fxg5 43.fxg5 Kc4
44.h5 e3+ 45.Kxe3  1/2-1/2

[Event "Copenhagen op"]
[Site "Copenhagen"]
[Date "1990.??.??"]
[Round "8"]
[White "Smagin, Sergey"]
[Black "Lerner, Konstantin Z"]
[Result "0-1"]
[WhiteElo "2520"]
[BlackElo "2560"]

1.e4 c5 2.c3 Nf6 3.e5 Nd5 4.Nf3 e6 5.d4 cxd4 6.cxd4 d6 7.Nc3 Nxc3 8.bxc3 dxe5
9.Nxe5 Nd7 10.Bb5 Bd6 11.Qg4 Kf8 12.Bxd7 Bxd7 13.O-O Rc8 14.Qf3 Bxe5 15.dxe5 Bc6
16.Qg3 Bd5 17.a4 Rc4 18.a5 h5 19.h3 h4 20.Qe3 Rh6 21.Qxa7 Rg6 22.f3 Rxc3
23.Be3 Kg8 24.Qd4 Rc4 25.Qb6 Qc8 26.Rac1 Bxf3 27.Rxf3 Rxc1+ 28.Bxc1 Qxc1+
29.Rf1 Qc8 30.Rd1 Rxg2+ 31.Kxg2 Qc2+ 32.Kf3 Qxd1+ 33.Kf4 Qf1+ 34.Kg4 Qf5+
35.Kxh4 Qf4+  0-1

[Event "Copenhagen op"]
[Site "Copenhagen"]
[Date "1990.??.??"]
[Round "10"]
[White "Stein, Bernd"]
[Black "Plachetka, Jan"]
[Result "0-1"]
[WhiteElo "2415"]
[BlackElo "2425"]

1.e4 c5 2.c3 Nf6 3.e5 Nd5 4.d4 cxd4 5.Qxd4 e6 6.Nf3 Nc6 7.Qe4 d6 8.Bb5 Bd7
9.c4 Nc7 10.exd6 Bxd6 11.O-O Nxb5 12.cxb5 Ne7 13.Qxb7 Rb8 14.Qxa7 Bxb5 15.Re1 O-O
16.Nc3 Bc6 17.Ne5 Ba8 18.Nc4 Nc6 19.Qe3 Bc7 20.Qh3 Qf6 21.Ne4 Qg6 22.Ng3 Nd4
23.Rd1 Nc2 24.Rb1 Ne1 25.Bf4 Bxg2 26.Qh5 Bxf4 27.Qxg6 hxg6 28.Rxe1 Bd5 29.b3 Rfc8
30.Ne3 Bf3 31.Rbc1 Rd8 32.Rc2 g5 33.Ng2 Rd5 34.Ne4 Rb4 35.Nc5 Bd6  0-1

[Event "Dieren op"]
[Site "Dieren"]
[Date "1990.??.??"]
[Round "3"]
[White "Van Mil, Johannes A J"]
[Black "Quist, Johan"]
[Result "1-0"]
[WhiteElo "2445"]
[BlackElo "2280"]

1.e4 c5 2.c3 Nf6 3.e5 Nd5 4.d4 cxd4 5.Nf3 Nc6 6.Bc4 Nb6 7.Bb3 d6 8.exd6 dxc3
9.Nxc3 exd6 10.Ng5 d5 11.O-O Be7 12.Qh5 g6 13.Qh6 Be6 14.Re1 Qd7 15.Bf4 Bd6
16.Bxd6 Qxd6 17.Nb5 Qf8 18.Qh3 O-O-O 19.Nxe6 fxe6 20.Rxe6 Rd7 21.Rae1 a6
22.Nd6+ Kc7 23.Ne8+ Kb8 24.Nf6 Rd8 25.Qg3+ Ka7 26.Rxc6 bxc6 27.Qc7+ Ka8 28.Qxc6+ Ka7
29.Qc7+ Ka8 30.Re7 Qxe7 31.Qxe7 d4 32.Bd1  1-0

[Event "Dortmund-B"]
[Site "Dortmund"]
[Date "1990.??.??"]
[Round "?"]
[White "Stein, Bernd"]
[Black "Skembris, Spyridon"]
[Result "1-0"]
[WhiteElo "2415"]
[BlackElo "2470"]

1.e4 c5 2.c3 Nf6 3.e5 Nd5 4.d4 cxd4 5.Qxd4 e6 6.Nf3 Nc6 7.Qe4 d6 8.Bb5 Bd7
9.c4 Nb6 10.exd6 Bxd6 11.O-O a6 12.Rd1 Qc7 13.Nc3 Ne5 14.Nxe5 Bxe5 15.c5 axb5
16.cxb6 Qb8 17.Qb4 Bxh2+ 18.Kh1 Qe5 19.Qh4 b4 20.Ne4 Bc6 21.Nd6+ Qxd6 22.Rxd6 Bxd6
23.Bf4 Be7 24.Qg3 O-O 25.Be5 g6 26.Bd6 Bxd6 27.Qxd6 b3 28.a3 Ra4 29.Qd3 Bd5
30.Rc1 Rd8 31.f3 Ra6 32.Qd4 Raa8 33.Rc7 Rf8 34.Kg1 Rad8 35.Qc5 Rfe8 36.Kh2 Kg7
37.Kg3 h6 38.a4 Ra8 39.a5 Kg8 40.Kf2 Rf8 41.Ke3 Rfd8 42.Qc3 Rf8 43.Kd4 Rfd8
44.Kc5 e5 45.Kb4 e4 46.fxe4 Bxe4 47.Qf6 Rf8 48.g3 Bd5 49.Qd6 Be4 50.Qf4 Bd5
51.Rd7 Bc6 52.Rd6 Rac8 53.Qxh6 Rfe8 54.Qd2 Re5 55.Kxb3 Kh7 56.Ka3 Ra8 57.b4 Bb5
58.Rd8 Rxd8 59.Qxd8 Re3+ 60.Kb2 Re2+ 61.Kc1 Re1+ 62.Kd2 Re2+ 63.Kd1 Re3 64.Qc7 Rd3+
65.Kc2 Rd7 66.Qxd7  1-0

[Event "Dortmund-C"]
[Site "Dortmund"]
[Date "1990.??.??"]
[Round "?"]
[White "Janovsky, Sergey"]
[Black "Rausis, Igors"]
[Result "1-0"]
[WhiteElo "2385"]
[BlackElo "2470"]

1.e4 c5 2.c3 Nf6 3.e5 Nd5 4.d4 cxd4 5.Nf3 e6 6.cxd4 b6 7.Nc3 Nxc3 8.bxc3 Ba6
9.Bxa6 Nxa6 10.h4 Qc8 11.Qd3 Nc7 12.O-O d5 13.exd6 Bxd6 14.c4 Qa6 15.Rd1 h6
16.Nd2 O-O-O 17.Qb3 g5 18.h5 Bf8 19.Nf3 Bg7 20.Be3 f5 21.Re1 g4 22.Ne5 Bxe5
23.dxe5 Qa5 24.Rac1 Kb7 25.a4 Rh7 26.Re2 Rhd7 27.c5 Rd3 28.Qc2 bxc5 29.Bxc5 Rd2
30.Qb1+ Ka8 31.Bb4 Rd1+ 32.Rxd1 Rxd1+ 33.Qxd1 Qxb4 34.Qc1 Qa5 35.Qxh6 Qxa4
36.Qf8+ Kb7 37.Rb2+  1-0

[Event "Eger op"]
[Site "Eger"]
[Date "1990.??.??"]
[Round "?"]
[White "Dovzik, Juri"]
[Black "Vanczak, Attila"]
[Result "1-0"]
[WhiteElo "2410"]
[BlackElo "2330"]

1.e4 c5 2.c3 Nf6 3.e5 Nd5 4.d4 cxd4 5.Nf3 Nc6 6.Bc4 Nb6 7.Bb3 d5 8.exd6 Qxd6
9.Na3 a6 10.O-O e6 11.Qe2 Be7 12.Rd1 Bf6 13.Be3 Nd5 14.Nxd4 Nxe3 15.Ndb5 Qc5
16.Nd6+ Kf8 17.fxe3 Nd4 18.Rxd4 Bxd4 19.Ne4 Bxe3+ 20.Kh1 Qa7 21.Nc4 Bf4 22.Rd1 Bc7
23.Qh5 b5 24.Qg5 f6 25.Nxf6 Qf2 26.Ng4 Qf5 27.Rd8+ Kf7 28.Qxf5+ exf5 29.Nce5+  1-0

[Event "Erlangen"]
[Site "Erlangen"]
[Date "1990.??.??"]
[Round "?"]
[White "Schmittdiel, Eckhard"]
[Black "Kuczynski, Robert"]
[Result "1-0"]
[WhiteElo "2455"]
[BlackElo "2460"]

1.e4 c5 2.c3 Nf6 3.e5 Nd5 4.d4 cxd4 5.Nf3 d6 6.Bc4 Nb6 7.Bb3 dxe5 8.Nxe5 e6
9.O-O Be7 10.Qh5 O-O 11.Rd1 Nc6 12.cxd4 Nd5 13.Nc3 Nxc3 14.bxc3 Nxe5 15.dxe5 Qc7
16.Bf4 b6 17.Rd3 Bb7 18.Re1 Qc6 19.Rg3 g6 20.Qg4 Kh8 21.Bg5 Bxg5 22.Qxg5 Rfd8
23.h4 Qd7 24.h5 Qd2 25.Qf6+ Kg8 26.Ree3 Qc1+ 27.Kh2  1-0